00962nam a2200241 a 450000500170000000800410001701000170005802000260007503500170010103700160011804000180013408200060015210000250015824000280018324501020021126000510031327000350036430000240039952002190042365000260064265000300066870000220069820091223093612.0080130s2008 nyu c 000 1 eng  aB-389698-714 a9788184771718c250.00 aB-389698-714 bScholastic  adplbEnglish  aS aPrévost, Guillaume aSept pièces.lEnglish aThe gate of days:cby Guillaume Prévost ; translated by William Rodarmorbthe book of time II / aNew York bArthur A. Levine Booksc2008(repr.) a557 BroadwaybNew York e10012 a249 p. c22 cm(pbk) aWhile seeking the seven magical coins that will allow him to reach his father, who is trapped in the castle of Vlad Tepes, Sam Faulkner travels to such places as ancient Delphi, a Stone Age cave, and 1930s Chicago. aTime travelvFiction. aMissing personsvFiction. aRodarmor, William